[Event "Astana"]
[Site "Astana"]
[Date "2001.05.22"]
[Round "3"]
[White "Morozevich, Alexander"]
[Black "Kasparov, Garry"]
[Result "0-1"]
[WhiteElo "2749"]
[BlackElo "2827"]
[Annotator "Winants,L"]
[PlyCount "114"]
[EventDate "2001.05.20"]
[EventType "tourn"]
[EventRounds "10"]
[EventCountry "KAZ"]
[EventCategory "20"]
[SourceTitle "CBM 084"]
[Source "ChessBase"]
[SourceDate "2001.09.13"]
[SourceVersion "1"]
[SourceVersionDate "2001.09.13"]
[SourceQuality "1"]

{[%mdl 4101]} 1. e4 {Ftacnik} c5 2. Nf3 d6 3. d4 cxd4 4. Nxd4 Nf6 5. Nc3 a6 6.
Bc4 {L'une des grandes conceptions de Bobby Fischer : La diagonale du Fou
introduit l'offensive vers f7.} e6 {Les Noirs installent une barricade, mais
les Blancs ne tarderont pas а l'assiéger via f4-f5 et peut-être même g4-g5-g6.}
7. Bb3 b5 {La meilleure réplique : Les Noirs lancent une contre-attaque vers
le pion central.} ({Apparemment trop lent serait} 7... Be7 8. f4 O-O (8... b5
9. e5 dxe5 10. fxe5 Nfd7 11. Bxe6 $1) 9. Qf3 Qc7 10. f5 e5 11. Nde2 b5 12. a3
Bb7 13. g4 {Avec une forte attaque. (Fischer)}) 8. O-O Be7 9. Qf3 {Menace 10.
e5, pour transférer la Dame sur l'aile Roi avec gain de temps. On retrouve
cette idée dans la partie Fischer-Olafsson disputée en 1960.} Qc7 ({Il n'était
évidemment pas question de jouer} 9... Bb7 {а cause de} 10. Bxe6 $1) 10. Qg3
O-O 11. Bh6 Ne8 {Accélère la mobilisation des troupes, tout en provoquant un
embouteillage sur la huitième traverse.} 12. Rad1 Bd7 {Kasparov et Morozevich
avaient déjà abordé cette variante а diverses reprises.} ({Le coup} 12... Nc6 {
présenterait une erreur instructive :} 13. Nxc6 Qxc6 14. Nd5 $1 Bd8 15. Rd3 Bb7
16. Rc3 Qd7 17. Rc7 $3 {Les Blancs gagnent la Dame ou font mat :} Bxc7 18. Nf6+
$1) 13. f4 {La suite logique. On pourrait pourtant aussi jouer} (13. Nf3 {
Parties Kasparov-Gelfand, Linares 1993 et Short-Kasparov, 18e du match,
Londres 1993.}) (13. a3 {Short-Kasparov, 20e du match, Londres 1993.}) 13...
Nc6 14. f5 {L'affaire se précise !} ({Morozevich avait déjà essayé} 14. Bg5 {
contre Gelfand, lors du tournoi olympique d'Istanbul 2000.}) 14... Nxd4 15.
Rxd4 {Chaque coup accroît la pression. Les Noirs doivent maintenant tenir
compte d'une percée en e5, suivie du sacrifice sur g7 et de l'arrivée d'une
Tour vers g4.} Bf6 16. Rd3 Be5 {Ftacnik: 'The first independent move in the
game, Kasparov has prepared the risky version of the defense.' Un choix
discutable : Le Fou bloque le Pe4, pour y empêcher l'accès du Nc3, mais
facilite les mouvements de la Tour sur la troisième rangée.} ({Après} 16... b4
{Kasparov craignait} 17. fxe6 fxe6 18. e5 (18. Nd5 exd5 19. Bxd5+ Kh8 20. Bxa8
gxh6) 18... Bxe5 19. Rxf8+ Kxf8 20. Qf3+ Bf6 21. Ne4 {avec des chances
réciproques.}) 17. Qg4 b4 {'!' Ftacnik.} 18. f6 ({Il n'y avait rien а espérer
de} 18. fxe6 Bxe6 19. Bxe6 bxc3 20. Bd5 cxb2 $1 {etc.} (20... Qc8 $1 $15 {
Ftacnik})) 18... g6 {'!' Ftacnik.} (18... Qb6+ {Ftacnik} 19. Kh1 Bxf6 20. Rxf6
bxc3 21. Bxg7 $1 cxb2 22. Bxf8+ Kxf8 23. Rf1 $16) 19. Ne2 {La tâche des Noirs
devient de plus en plus délicate : Comment éviter 20.Qh4 suivi de Rh3 ?} (19.
Nd1 $5 {Ftacnik}) 19... a5 {Au bout d'une longue réflexion, Kasparov décide
d'encercler le Bb3. Supposons :} ({a)} 19... Bb5 20. Qh4 Bxd3 21. cxd3 {
Les Blancs conservent tous les atouts en mains.}) ({b)} 19... Nxf6 20. Qh4 Nh5
21. g4 Ng7 22. Rh3 {L'attaque perce.}) (19... a5 {[#]}) 20. Bxf8 {Cette prise
gagne du matériel aux dépens de l'offensive.} ({Peut-être fallait-il essayer} 
20. Qh4 a4 21. Bg5 h5 (21... axb3 $2 22. Qh6 bxa2 23. Rh3 {conduirait au mat.})
22. g4 {avec de folles complications qui dépassent les capacités humaines. 
(Kasparov).  Tâchons d'aller plus loin : Les variantes qui suivent n'ont pas
la prétention d'être exhaustives, mais seulement de donner un aperçu du
labyrinthe.} axb3 23. gxh5 Qc5+ ({Certainement pas} 23... bxa2 24. hxg6 fxg6
25. Rh3 {Le Roi est pris au piège.}) 24. Kh1 ({Sur} 24. Be3 $2 Bxf6 25. Rxf6
Qxh5 $1 {gagne.}) 24... Nxf6 25. hxg6 (25. Rxf6 Bxf6 26. Bxf6 Qxh5 {Les Blancs
ont trop de chose en prise}) (25. Bxf6 Bxf6 26. Qxf6 (26. Rxf6 bxc2 27. hxg6
c1=Q+ 28. Nxc1 Qxc1+ 29. Kg2 Qxb2+ 30. Kg3 fxg6 31. Rxg6+ Kf7 {Et la prétendue
victime sort du bois en excellente santé.}) 26... Bc6 {ou même 26... Qxh5, les
Noirs n'ont rien а craindre.}) 25... fxg6 26. Bxf6 Bxf6 27. Rxf6 Rxf6 (27...
Qh5 28. Qxh5 gxh5 29. Rg3+ Kh7 30. Rxf8 Rxf8 31. Rxb3 Rf2 32. Rxb4 $1 {Prenant
un deuxième pion}) (27... Kg7 28. Rxg6+ Kxg6 29. Nf4+ Kf7 ({Si} 29... Rxf4 30.
Rg3+ Kf7 31. Qxf4+ Ke7 32. Qh4+ $1 {Le mat suit}) 30. Rf3 Ke8 31. Ng6 d5 32.
Rxf8+ Qxf8 33. Nxf8 bxc2 (33... bxa2 $2 {perd brillament après} 34. Ng6 a1=Q+
35. Kg2 Kf7 36. Qh7+ Kf6 37. e5+ Kg5 38. h4+ Kg4 39. Qh6 $1) 34. Qh5+ Kxf8 35.
Qh6+ Ke7 36. Qg5+ Kf7 (36... Kd6 $2 37. e5+ Kc7 38. Qc1) 37. Qh5+ {Echec
perpétuel}) 28. Qxf6 Qh5 29. Nf4 (29. Rg3 Be8) 29... bxc2 $1 30. Nxh5 c1=Q+ 31.
Kg2 Qc2+ 32. Kh1 (32. Kg1 $2 Qc5+ $1) 32... Qb1+ 33. Kg2 Qc2+ {Nulle !}) 20...
Kxf8 21. Qh4 (21. c3 $5 {Ftacnik} Bb5 22. Re3 bxc3 23. bxc3 Nxf6 $44 24. Qg5
Qc5 25. Kh1 Kg7 $17) 21... a4 22. Qxh7 Qa7+ {Pour assurer la défense de la
Tour, après l'échec sur h8.} 23. Kh1 Nxf6 {Ftacnik: 'With the help of the
defended rook a8 black has managed to liquidate the danger on the kingside,
bishop on e5 is a sufficient counterweight of the white spare exchange.'} 24.
Qh6+ Ke7 25. Bc4 Qc5 {Les Blancs disposent d'une qualité de plus, mais leurs
forces sont dispersées. Les Noirs jouissent encore des deux Fous, celui de e5
contrôle même l'échiquier tout entier.} (25... Bc6 $5 {Ftacnik} 26. Qh4 (26.
Ng3 {Ftacnik} Bxb2 27. Rdf3 Qc5 28. Bd3 Rg8 $15) 26... g5 $5 27. Qxg5 Rg8 28.
Qe3 Qb7 $15) 26. b3 axb3 27. Bxb3 {'?!' Ftacnik. Rend la qualité, pour
regrouper l'ensemble des troupes et empêcher l'intrusion de la Tour en a2.} (
27. axb3 $1 {Ftacnik} d5 (27... Bc6 {Ftacnik} 28. Ng3 Ra2 29. Rdf3) 28. Qg5
dxc4 29. Rd5 $3 exd5 30. Qxe5+ $14) 27... Bb5 28. Nf4 {Prépare le sacrifice
sur g6 ou e6.} Bxf4 29. Qxf4 Qe5 30. h3 (30. Rxd6 {Ftacnik} Qxf4 31. Rxf4 Kxd6
32. Rxf6 Ra7 $15) 30... g5 31. Qf2 g4 {La Rd3 peut attendre !} 32. Qb6 (32.
Qxf6+ {menait probablement а la nullité, mais le coup joué ne gâche rien.})
32... Nd7 33. Qf2 Nf6 34. Qb6 Rh8 {Même а court de temps, Kasparov ne veut pas
entendre parler de la répétition des coups !} 35. Rxd6 $2 {Ftacnik: 'The
decisive mistake in the game, Morozevich had to insert the check on c7 and the
game would remain in the balance.' La faute décisive : Il fallait jouer} (35.
Qc7+ Nd7 36. Rxd6 $1 Rxh3+ (36... Qxd6 $2 37. Rxf7+ Kxf7 38. Qxd6 $18) (36...
Qxe4 $2 37. Rxf7+ Kxf7 38. Bxe6+ Kg7 39. Rxd7+) 37. gxh3 Qxe4+ 38. Kg1 (38. Kh2
$2 Qe2+) 38... Qe3+ 39. Rf2 Qe1+ (39... g3 40. Rdd2) 40. Kg2 Qe4+ {échec
perpétuel.}) 35... Qxd6 36. Qxd6+ (36. Qxb5 {Ftacnik} gxh3 37. e5 hxg2+ 38.
Kxg2 Qd2+ $19) 36... Kxd6 37. Rxf6 Rh7 $1 {L'avantage reste du côté des Noirs,
dont le Roi est nettement plus actif.} (37... gxh3 {Ftacnik} 38. Rxf7 Bc6 39.
Rf6 hxg2+ 40. Kxg2 Bxe4+ 41. Kg3 Bf5 $15) 38. Kh2 Ke5 39. Rf2 gxh3 40. gxh3 Bc6
{'!' Ftacnik. [#] La pointe des coups précédents : la chute du Pe4 entraîne la
débâcle des Blancs. Notez aussi la bonne position de b4 qui retient а fois a2
et c2.} 41. Bc4 ({Si} 41. Re2 Bxe4 42. c3 bxc3 43. Rxe4+ Kxe4 44. Bc2+ Ke3 45.
Bxh7 f5 {Et le Pc3 va а Dame.}) 41... Bxe4 {Ftacnik: 'Despite equality in the
number of pawns endgame is very difficult for white, black enjoys better pawn
structure and more active king.'} 42. Re2 {Menace Rxe4.} (42. Bb3 {Ftacnik} f5
$17) 42... f5 43. Bd3 {La meilleure chance, autrement les pions liés
l'emporteraient facilement.} Kf4 {Pour soutenir le pion passé et barrer la
route au Roi blanc.} 44. Bxe4 (44. Re1 {Ftacnik} Bd5 $17) 44... fxe4 45. Rf2+
Ke3 46. Rf8 e5 47. Re8 Rc7 48. Rxe5 Kf4 49. Rb5 Rxc2+ 50. Kg1 e3 51. Rxb4+ Kf3
52. Rb1 ({Une variante instructive :} 52. Rb8 Rc1+ 53. Kh2 e2 54. Rf8+ Ke3 55.
Re8+ Kd3 56. Rd8+ Kc3 57. Rc8+ Kb2 58. Re8 e1=Q 59. Rxe1 Rxe1 60. Kg3 Re4 $1 {
Coupe le passage du Roi et gagne. Par exemple,} 61. h4 Kxa2 62. h5 Kb3 63. h6
Re6 64. h7 Rh6) 52... Rg2+ 53. Kh1 e2 54. a4 Kf2 55. a5 Rg5 56. Kh2 Rxa5 57. h4
Ra3 $1 {Abandonne.} 0-1

[Event "Astana"]
[Site "Astana"]
[Date "2001.05.26"]
[Round "6"]
[White "Kasparov, Garry"]
[Black "Shirov, Alexei"]
[Result "1-0"]
[WhiteElo "2827"]
[BlackElo "2722"]
[Annotator "Ftacnik,L"]
[PlyCount "69"]
[EventDate "2001.05.20"]
[EventType "tourn"]
[EventRounds "10"]
[EventCountry "KAZ"]
[EventCategory "20"]
[SourceTitle "CBM 084"]
[Source "ChessBase"]
[SourceDate "2001.09.13"]
[SourceVersion "1"]
[SourceVersionDate "2001.09.13"]
[SourceQuality "1"]

1. e4 e6 2. d4 d5 3. Nc3 Nf6 4. e5 Nfd7 5. f4 c5 6. Nf3 Nc6 7. Be3 cxd4 8. Nxd4
Bc5 9. Qd2 O-O 10. g3 Qe7 {The novelty after less frequent move 10.g3, Shirov
is defending against attack and reserves the option to exploit the c4 weakness
with the help of Nb6 move.} (10... Nxd4 11. Bxd4 a6 (11... b6 12. Bb5 Bb7 13.
Ne2 Bxd4 14. Nxd4 Nc5 15. O-O-O Qc7 16. Kb1 a6 17. Bd3 Ne4 18. Qe3 {1-0 Diaz,
J-Alvarez Ibarra,R/Cuba 1993/ (37)}) 12. Bg2 b5 13. Ne2 a5 14. a3 Bxd4 15. Nxd4
Qb6 16. O-O Nc5 17. g4 Bb7 18. Rad1 b4 19. f5 exf5 20. gxf5 Rae8 21. axb4 axb4
22. Qf4 $16 {1-0 Gofshtein,L-Gurevich,M/Noyon 2001/ (39)}) (10... a6 11. Bh3
Nxd4 12. Bxd4 b5 13. O-O Qb6 14. Ne2 f6 15. exf6 Nxf6 16. Qe3 Bxd4 17. Qxd4 Rb8
18. Qxb6 Rxb6 19. Rfe1 Bd7 20. Rad1 Rc8 21. Nd4 {1-0 Zwanzger,J-Gamer,T/
Oberhof/1999/ (33)}) 11. O-O-O (11. Bg2 Nb6 {xc4}) 11... Nb6 12. Nb3 Bxe3 13.
Qxe3 Bd7 14. Kb1 Rfc8 (14... f6 15. exf6 Qxf6 16. Bb5 $1 Rac8 17. Rhe1 $14) (
14... Rac8 15. Nb5 $1 Na4 16. Nd6 $14) 15. g4 (15. Nb5 Nb4 16. Nd6 Rxc2 17. a3
$16) 15... Nb4 $1 (15... f6 16. exf6 Qxf6 17. Be2 $14) 16. Nd4 Rc5 (16... Qc5
17. Rd2 Nc6 18. Ncb5 $1 Na5 19. Nd6 $14) 17. a3 Nc6 $2 {It is a small mystery
why both players have accepted this artificial move, since it hopelessly
closes the rook on c5.} (17... Na6 $1 18. Ncb5 Bxb5 19. Nxb5 Rc6 20. h3 Nc5
$132) 18. Ncb5 $6 (18. Nb3 $1 d4 (18... Rc4 19. Bxc4 Nxc4 20. Qd3 $18) 19. Nxd4
Nxd4 20. Rxd4 Rac8 21. Qd3 $16) 18... Nxd4 19. Nxd4 Rac8 20. Bd3 Nc4 21. Qh3 (
21. Bxc4 $5 Rxc4 22. f5 Ba4 $132) 21... h6 $1 (21... g6 22. Nf3 $16) 22. g5 (
22. Nb3 Nxa3+ 23. bxa3 Rc3 24. Kb2 a5 25. Ra1 Bb5 $40) 22... Nxa3+ $1 {Shirov
comes with a strong counterplay in the twelfth hour, optically his chances on
the kingside looked very bad.} 23. bxa3 (23. Kc1 Nc4 (23... Nxc2 24. Bxc2 Ba4
25. b3 Rxc2+ (25... Rc3 26. Rd3 Qa3+ 27. Kd2 Qc5 28. Rxc3 Qxd4+ 29. Qd3 Qxf4+
30. Kd1 $16) 26. Nxc2 Qa3+ 27. Kb1 Rxc2 28. Kxc2 Qa2+ 29. Kc1 Bxb3 30. Qc3 $16)
24. gxh6 g6 $13) 23... Rc3 24. gxh6 g6 (24... Rxa3 25. Nb3 Qb4 26. Qg2 g6) 25.
Qg2 (25. Kc1 Rxa3 26. Kd2 Rc4 $1 27. Nb3 (27. Nf3 Qc5) 27... Ba4 28. Bxc4 dxc4
29. Ra1 cxb3 30. Rxa3 Qb4+ 31. Qc3 Qxf4+ $11) (25. Qg3 Rxa3 (25... Qxa3 $2 26.
Qh4 $1 R8c4 27. h7+ Kh8 28. Qf6+ Kxh7 29. Qxf7+ Kh8 30. Qf6+ $18) 26. Nb3 Qb4
27. Bxg6 $1 Rc3 $1 28. Bh7+ Kf8 29. Qg7+ Ke7 30. Qf6+ Ke8 $11) 25... Rxa3 26.
Nb3 Qb4 $1 27. Bxg6 (27. Rhg1 Rc3 28. Bxg6 Raxb3+ 29. cxb3 Rxb3+ 30. Kc1 Kh8 $1
31. Bc2 (31. Bd3 Qc5+ 32. Bc2 Qa3+ $11) 31... Qa3+ 32. Kd2 Qb4+ 33. Kc1 (33.
Ke2 Bb5+ 34. Rd3 Bxd3+ 35. Bxd3 Rb2+ $19) 33... Qa3+ $11) 27... Rxb3+ 28. cxb3
Qxb3+ 29. Qb2 Qxb2+ 30. Kxb2 fxg6 {In this endgame white can not underestimate
the body of black's pawns on the queenside.} 31. h4 (31. Ra1 a6 32. Rhc1 Bc6
$132) 31... Kh7 32. h5 Kxh6 33. hxg6+ (33. Rdg1 gxh5 34. Rg5 Be8 35. Rg8 Bd7
36. Rg5 Be8 $11) 33... Kxg6 34. Rhg1+ Kf5 $4 {[%mdl 8192] Shirov did not
deserve to lose this game, but after this horribe move he will be mated.} (
34... Kf7 35. Rh1 Kg6 $11 (35... Rg8 $2 36. Rh7+ Rg7 37. Rxg7+ Kxg7 38. Kc3 $14
)) 35. Rd4 1-0

[Event "Astana"]
[Site "Astana"]
[Date "2001.06.01"]
[Round "10"]
[White "Kasparov, Garry"]
[Black "Kramnik, Vladimir"]
[Result "1-0"]
[WhiteElo "2827"]
[BlackElo "2797"]
[Annotator "Wedberg,T"]
[PlyCount "81"]
[EventDate "2001.05.20"]
[EventType "tourn"]
[EventRounds "10"]
[EventCountry "KAZ"]
[EventCategory "20"]
[SourceTitle "CBM 084"]
[Source "ChessBase"]
[SourceDate "2001.09.13"]
[SourceVersion "1"]
[SourceVersionDate "2001.09.13"]
[SourceQuality "1"]

1. e4 e5 2. Nf3 Nc6 3. Bb5 Nf6 4. O-O Nxe4 5. d4 Nd6 6. Bxc6 dxc6 7. dxe5 Nf5
8. Qxd8+ Kxd8 9. Nc3 h6 10. h3 Bd7 11. b3 Ke8 {Definitely a big surprise - the
K takes a step in the "wrong" direction. Kramnik wants to prove the
versatility of the Bd7 move. Here the idea is not to bring the K to safety but
to release the R via d8.} 12. Bb2 Rd8 13. Rad1 Ne7 {This has become a standard
manouvre in the Berlin since Zoltan Almasi introduced it six years ago against
Peter Leko in Wijk aan Zee.} (13... Bb4 14. Ne2 $1 (14. Ne4 Be6 15. g4 Bd5 $132
) 14... Be6 15. Nf4 $36 {The exchange of R:s on d1 proves to be of little
value here.}) 14. Rfe1 Ng6 {Kramniks play is slow but constructive. Eventually
he is going to get the pieces to the right squares and then start exchanging
to reach the right kind of ending. But he is playing against one of the
strongest attacking players in the history of chess...} (14... Bf5 15. Nd4 Bg6
16. e6 $16) 15. Ne4 Nf4 {Black seems to be on the right track to a very safe
setup with Ne6, Be7 and then Bc8. But Kasparov is not very impressed by all
this.} 16. e6 $3 {[%mdl 5] Kasparov himself doesn't give this move even a
single ! so I have to give it two to compensate. It's a beautiful move
refuting Black's setup. White's play is also a nice model for treating the
type of slow build-up practised by Kramnik here.} Nxe6 17. Nd4 $16 {Black has
a slight material plus, but White has all the activity and the K on e8 is
trapped in the middle of it. Clearly Black is in grave trouble here.} (17. Be5
Rc8 18. Nh4 {followed by f4-f5 was even stronger according to Kasparov.}) 17...
c5 $6 {This move cost Kramnik one hour on the clock leaving only 18 minutes
for the rest of the game. A sign of the problems facing Black here.} ({The
best chance was} 17... Rh7 18. f4 c5 19. Nf3 (19. Nxe6 $5 Bxe6 20. Bf6 Rxd1 21.
Rxd1 Bd6 22. Bh4 $14) 19... Bc6 20. Rb1 {The key move according to Kasparov,
but it looks a bit passive.} Bxe4 21. Rxe4 g6 22. g4 Rd5 (22... Be7 23. f5 $18)
(22... Bg7 23. f5 $18) 23. c4 (23. Kg2 Kd8 $13) 23... Rd3 24. Ne1 Rd2 $5 {
Black sacs a piece and goes for activity.} (24... Rxh3 25. f5 $16 {Kasparov})
25. f5 gxf5 26. gxf5 Bg7 27. Bc1 (27. Bxg7 Rxg7+ 28. Kh1 (28. Kf1 Rd4 $17)
28... Rf2 $11) 27... Bd4+ 28. Kh1 Rd1 29. fxe6 f5 (29... Rg7 30. exf7+ Kxf7 $11
) 30. Re2 Rg7 31. Kh2 Bg1+ 32. Kh1 Bd4 $11) 18. Nf5 Rh7 19. Bf6 Rc8 20. Bxg7 $5
(20. f4 $1 {keeping the pressure was better according to Kasparov} Bc6 21. Nfg3
$40 (21. Bh4 c4 $1 22. bxc4 Bxe4 23. Rxe4 Bc5+ $13)) 20... Bxg7 21. Nxg7+ Rxg7
22. Nf6+ Ke7 23. Nxd7 Rd8 {Black has survived the first wave, but White is
still slightly better on the board and much better on the clock.} 24. Ne5 Rxd1
25. Rxd1 Nf4 (25... Nd4 26. c4 $14) 26. Kh1 $1 Rg5 (26... Nxg2 $4 27. Rg1 $18)
(26... Rxg2 $4 27. Nd3 $18) 27. Ng4 Rd5 28. Re1+ Kf8 29. Nxh6 Rd2 30. Re5 $1 {
[%cal Ye5f5]} Rxf2 $2 (30... Rxc2 $142 31. Rf5 Rxf2 32. Ng4 Rxg2 33. Rxf4 Rxa2
$14) 31. Rf5 Kg7 32. Ng4 Rxg2 33. Rxf4 Rxc2 34. Rf2 $18 Rc3 35. Kg2 b5 36. h4
c4 37. h5 cxb3 38. axb3 Rc5 39. h6+ Kf8 40. Nf6 Rg5+ 41. Kh1 1-0

[Event "Eurotel Trophy sim"]
[Site "Prague"]
[Date "2001.10.20"]
[Round "2"]
[White "Babula, Vlastimil"]
[Black "Kasparov, Garry"]
[Result "0-1"]
[WhiteElo "2566"]
[BlackElo "2838"]
[Annotator "Ftacnik,L"]
[PlyCount "88"]
[EventDate "2001.10.18"]
[EventType "simul"]
[EventRounds "1"]
[EventCountry "CZE"]
[SourceTitle "CBM 086"]
[Source "ChessBase"]
[SourceDate "2002.02.05"]
[SourceVersion "1"]
[SourceVersionDate "2002.02.05"]
[SourceQuality "1"]

1. d4 Nf6 2. c4 g6 3. Nc3 d5 4. Nf3 Bg7 5. Bf4 O-O 6. Rc1 dxc4 7. e3 Be6 8. Ng5
Bd5 9. e4 h6 10. exd5 hxg5 11. Bxg5 b5 12. Qf3 c6 $146 (12... Nbd7 13. Nxb5 c6
14. dxc6 Qa5+ 15. Bd2 Qxb5 16. Bxc4 Qxb2 17. cxd7 Qxd4 18. Be3 Qxd7 19. O-O
Rac8 {1/2-1/2 Heimerl,L-Huenerkopf,H/Germany 1983/ (30)}) (12... b4 13. Ne4 (
13. Na4 Qxd5 14. Qxd5 Nxd5 15. Bxc4 Nb6 16. Nxb6 axb6 17. O-O e6 18. Rfd1 Nc6
19. d5 Na5 20. Bb5 exd5 21. Rxc7 d4 {0-1 Henttinen,M-Tella,J/FIN 1994/ (56)})
13... Nxd5 14. Bxc4 c6 (14... Nb6 15. O-O Nc6 16. Rfd1 Nxd4 17. Qe3 Qd7 18.
Nf6+ exf6 19. Rxd4 Qf5 20. Bf4 Rae8 {0-1 Portisch,F-Florian,T/Magyarorszag
1972/ (32)}) 15. h4 f5 16. Nc5 Qd6 17. Bf4 e5 18. Bxd5+ cxd5 19. dxe5 Bxe5 20.
Nd3 Bxf4 21. Qxf4 {1-0 Turov,M-Eljanov,P/Kharkov 2001/ (39)}) 13. dxc6 Qxd4 14.
Be2 (14. g3 Qe5+ 15. Be3 Rc8 16. c7 Na6 $11) (14. c7 Qe5+ 15. Be3 Na6 $11)
14... a6 15. O-O Qc5 16. Be3 Qxc6 17. a4 $1 e6 18. axb5 axb5 19. Nxb5 Ra2 {
Black is still fighting for equality, white's two bishops could become
dangerous.} (19... Qxb5 20. Qxa8 Qxb2 21. Bxc4 Nbd7 22. Qa7 $18) (19... Nd5 $6
20. Nd4 Qb6 21. Nxe6 $1 fxe6 22. Bxb6 Rxf3 23. Bxf3 $18) 20. Qxc6 (20. Bd4 Qxf3
21. Bxf3 Nfd7 $11) 20... Nxc6 21. Bc5 Rb8 22. Bxc4 Rxb2 23. Bd6 Rb6 (23... Ra8
24. Nc7 Rd8 $11) 24. Nc3 (24. Ba3 Rd2 25. Rfd1 $11) 24... Na5 25. Na4 Bh6 $1
26. f4 $6 {[%mdl 64] White is trying hard to win the game, but it was wise to
accept one of the drawing lines.} (26. Nxb2 Bxc1 27. Rxc1 Rxd6 $11) (26. Nxb6
Rxb6 27. Ba3 Bxc1 28. Rxc1 Nxc4 29. Rxc4 Nd5 30. Kf1 $11) 26... Rxg2+ $1 27.
Kxg2 Rxd6 28. Bb5 Nb3 29. Rc6 Rd8 30. f5 gxf5 31. Rxf5 Ng4 $5 (31... exf5 32.
Rxf6 Bg7 33. Rxf5 Nd4 34. Rh5 Ra8 35. Bd7 f5 36. Nc5 Ra2+ 37. Kf1 $11) 32. Rh5
Nd4 33. Rc3 (33. Rb6 Bf4 $36) 33... Ne3+ 34. Kh3 Bf4 35. Ba6 {Babula fights
with a worsening time trouble and unpleasant position.} (35. Rd3 Rd6 36. Ba6
Nf3 37. Rxd6 Ng1+ $1 38. Kh4 Ng2+ 39. Kg4 f5+ 40. Rxf5 exf5+ 41. Kxf5 Bxd6 $17)
35... Kg7 36. Rc8 Rd6 37. Nc5 Nf3 38. Bd3 (38. Nd3 Ng1+ (38... Ng5+ 39. Rxg5+ (
39. Kh4 Ng2+ 40. Kg4 f5#) 39... Bxg5 $17) 39. Kh4 Ng2+ 40. Kg4 f5+ 41. Rxf5
exf5+ 42. Kxf5 Rf6+ 43. Ke4 Rxa6 44. Nxf4 Ra4+ 45. Kd3 Nxf4+ $19) 38... Rd4 (
38... Ng5+ 39. Rxg5+ (39. Kh4 Rd5 40. Be4 Rxc5 41. Rxc5 Nxe4 $19) 39... Bxg5
40. Kg3 $17) 39. Rh7+ Kf6 40. Ne4+ Rxe4 (40... Kg6 $1 41. Nc5+ Rxd3 42. Rg7+ (
42. Nxd3 Ng1+ 43. Kh4 Ng2+ 44. Kg4 f5#) 42... Kxg7 43. Nxd3 Ng1+ 44. Kh4 Bxh2
$19) 41. Bxe4 Ng5+ 42. Kh4 Nxe4 43. Rf8 Ng5 44. Kh5 $4 $138 (44. Rhh8 Bxh2 $19)
44... Nxh7 0-1